Analysis of the Possibilities of Improving an Online Reputation of Public Institutions
Reputácia v digitálnom svete internetu. Rozdiely medzi faktormi vplyvu na tradičnú reputáciu a reputáciu v digitálnom svete. Osvedčené postupy pre zvýšenie konkurencieschopnosti na trhu vzdelávacích inštitúcií.
Gespeichert in:
| 1. Verfasser: | |
|---|---|
| Weitere Verfasser: | , |
| Format: | Buchkapitel |
| Sprache: | Englisch |
| Tags: |
Keine Tags, Fügen Sie das erste Tag hinzu!
|
MARC
| LEADER | 00000nla a2200000 4500 | ||
|---|---|---|---|
| 001 | 0226917 | ||
| 005 | 20240502083608.3 | ||
| 041 | 0 | |a eng | |
| 044 | |a AT | ||
| 245 | 1 | 0 | |a Analysis of the Possibilities of Improving an Online Reputation of Public Institutions |c Peter Dorčák, František Pollák, Stanislav Szabo |
| 520 | |a Reputácia v digitálnom svete internetu. Rozdiely medzi faktormi vplyvu na tradičnú reputáciu a reputáciu v digitálnom svete. Osvedčené postupy pre zvýšenie konkurencieschopnosti na trhu vzdelávacích inštitúcií. | ||
| 100 | 1 | |a Dorčák, Peter, 1979- | |
| 700 | 1 | |a Pollák, František, 1985- | |
| 700 | 1 | |a Szabo, Stanislav, 1970- | |